| 000 | 00485nam a2200181Ia 4500 | ||
|---|---|---|---|
| 008 | 230718s9999 xx 000 0 und d | ||
| 020 | _a9788183714976 | ||
| 041 | _aeng | ||
| 082 |
_a621.39'5 _bSAR |
||
| 100 | _aSarkar A. | ||
| 245 | _aVLSI Design and EDA Tools | ||
| 250 | _a2nd ed. | ||
| 260 |
_c2014 _bScitech Publication |
||
| 300 | _a903 | ||
| 365 |
_cRs. _b650.00 |
||
| 700 | _aSarkar A.; De S. & Sarkar C.K. | ||
| 906 |
_dO:0363911-Nov-2016B:IN132108-Nov-2016 _cETC _b3250 |
||
| 999 |
_c343744 _d343744 |
||